01490nam a2200373 a 4500001001200000003000800012006001900020007001500039008004100054010001700095020003100112020002700143040002100170035002100191043001200212050002700224082001200251100002100263245014400284260004300428300002500471490004900496504004100545533015200586650005100738650002200789655002900811700002200840700002500862710001600887710001700903830007000920856012600990ebr10578613CaPaEBRm u cr cn|||||||||120322s2012 dcua sb i000 0 eng d z 2012011903 z9780821395493 (alk. paper) z9780821395509 (e-book) aCaPaEBRcCaPaEBR a(OCoLC)808347805 ae------14aHD2346.E85bP33 2012eb04a3312231 aPackard, Truman.10aIn from the shadowh[electronic resource] :bintegrating Europe's informal labor /cTruman Packard, Johannes Koettl, Claudio E. Montenegro. aWashington, D.C. :bWorld Bank,c2012. axvii, 174 p. :bill.1 aDirections in development. Human development aIncludes bibliographical references. aElectronic reproduction.bPalo Alto, Calif. :cebrary,d2011.nAvailable via World Wide Web.nAccess may be limited to ebrary affiliated libraries. 0aInformal sector (Economics)xTaxationzEurope. 0aTaxationzEurope. 7aElectronic books.2local1 aKoettl, Johannes.1 aMontenegro, Claudio.2 aWorld Bank.2 aebrary, Inc. 0aDirections in development (Washington, D.C.).pHuman development.40uhttp://site.ebrary.com/lib/rucke/Doc?id=10578613zAn electronic book accessible through the World Wide Web; click to view